000 00727nam a22002057a 4500
999 _c5200
_d5200
003 AR-CdUCM
008 190312b ||||| |||| 00| 0 spa d
040 _aMUNICIPALIDAD PROVINCIAL DEL CUSCO
_cBIBLIOTECA MUNICIPAL DEL CUSCO
082 _a985.04 /
_bC615
110 _aComision Nacional del Sesquincentenario de la Independencia del Perú
_915695
245 _aTrujillo, Baluarte de la Independencia del Perú /
260 _aLima :
_bMinerva ,
_c1975.
300 _a26 páginas ;
_c20 cm.
505 _aContenido : Trujillo Baluarte de la Independencia del Perú...
650 _aIndependencia del Perú
_912556
650 _aHistoria del Perú
_9259
650 _aHomenajes
_915696
942 _2ddc
_cLIBROS
945 _artm